000 01790nam a2200433Ia 4500
001 ebr10135738
003 CaPaEBR
006 m u
007 cr cn|||||||||
008 041208s2005 nyua sb 101 0 eng d
010 _z 2004065496
015 _aGBA548763
_2bnb
020 _z1403982686
020 _z1403964939 (pbk.)
020 _z1403964920
040 _aCaPaEBR
_cCaPaEBR
035 _a(OCoLC)320321803
050 1 4 _aJA77
_b.S73 2005eb
082 0 4 _a320.1
_222
245 0 0 _aStates and development
_h[electronic resource] :
_bhistorical antecedents of stagnation and advance /
_cedited by Matthew Lange and Dietrich Rueschemeyer.
250 _a1st ed.
260 _aNew York :
_bPalgrave Macmillan,
_c2005.
300 _axiii, 269 p. :
_bill.
490 1 _aPolitical evolution and institutional change
500 _aRevisions of papers presented at a one-day conference held in Oct. 2003 at the Watson Institute of International Studies, Brown University.
504 _aIncludes bibliographical references and index.
533 _aElectronic reproduction.
_bPalo Alto, Calif. :
_cebrary,
_d2009.
_nAvailable via World Wide Web.
_nAccess may be limited to ebrary affiliated libraries.
650 0 _aState, The
_vCongresses.
650 0 _aNationalism
_vCongresses.
650 0 _aEconomic development
_vCongresses.
650 0 _aPolitical development
_vCongresses.
650 0 _aComparative government
_vCongresses.
655 7 _aElectronic books.
_2local
700 1 _aLange, Matthew.
700 1 _aRueschemeyer, Dietrich.
710 2 _aebrary, Inc.
830 0 _aPolitical evolution and institutional change.
856 4 0 _uhttp://site.ebrary.com/lib/rucke/Doc?id=10135738
_zAn electronic book accessible through the World Wide Web; click to view
999 _c189337
_d189337